Normal view MARC view

Entry Topical Term

Number of records used in: 1

001 - CONTROL NUMBER

  • control field: 167024

003 - CONTROL NUMBER IDENTIFIER

  • control field: OSt

005 - DATE AND TIME OF LATEST TRANSACTION

  • control field: 20240523120320.0

008 - FIXED-LENGTH DATA ELEMENTS

  • fixed length control field: 240523|| aca||aabn | a|a d

040 ## - CATALOGING SOURCE

  • Original cataloging agency: OSt
  • Transcribing agency: OSt

150 ## - HEADING--TOPICAL TERM

  • Topical term or geographic name entry element: Vidhan sabha elections

670 ## - SOURCE DATA FOUND

  • Source citation: Work cat.: (OSt)91934: SINGH (V B) and BOSE (Shankar). 167023, State elections in India data handbook on Vidhan Sabha elections 1952-85 (vol.5)., 1988